La bonne couleur de ........ - Statistiques

Statistiques générales
  • Ce quiz a été pris 562 fois
  • Le résultat moyen est 5 sur 8
Statistiques - réponses
Question Réponse % Correct
Sonic Bleu
97%
Mario Rouge
97%
Luigi Vert
97%
L’air Transparent
91%
La peau Beige
74%
Langue Rouge
23%
Soleil Orange
11%
Du logo Pokémon Rouge blanc gris
6%
Aucun quiz correspondant
Distribution des résultats
% des personnes avec chaque résultat
Percentile par nombre de réponses
Votre historique - résultats
Vous n’avez pas pris ce quiz